Estudios de derecho penal econm̤ico

Detalles Bibliográficos
Autor principal: Fernǹdez Teruelo, Javier Gustavo
Formato: Desconocido
Lenguaje:español
Publicado: Madrid : Dykinson, 2003
Materias:
Acceso en línea:Acceso restringido

MARC

LEADER 00000ny a22000003n 4500
005 20110525105114.0
008 031209s2003 sp s 001 0 spa c
017 |a D.L. M.53280-2002 
020 |a 8497720113 
035 |a 196 
040 |a BUV  |d vLex 
040 |a UMA.RE  |d vLex 
080 |a 343.53(460) 
090 |c 256  |d 256 
100 1 |a Fernǹdez Teruelo, Javier Gustavo 
245 1 0 |a Estudios de derecho penal econm̤ico  |h [Recurso electrn̤ico]  |c Javier Gustavo Fernǹdez Teruelo 
256 |a Servicio en ln̕ea 
260 |a Madrid :  |b Dykinson,  |c 2003 
300 |a 167 p. ;  |c 23 cm 
506 1 |a Contenido solo disponible en los productos indicados  |d vLex Global  |d vLex Global (Academic Edition, excluding Law Schools)  |d vLex Global (U.S. Academic Edition, Law Schools)  |d vLex Global (U.S. Academic Edition, excluding Law Schools)  |d vLex Global (Academic Edition, Law Schools) 
650 0 7 |a Penal  |2 Tesauro vLex 
650 0 7 |a Derecho penal  |2 Tesauro vLex 
740 0 |a vLex Libros (Servicios en ln̕ea) 
856 4 0 |u http://vlex.com/source/196  |z Acceso restringido 
942 |c BOOK 
999 0 |a Taxation   |b Madrid